The real wealth of nations : Pathways to human development

The 20th Anniversary edition is a time to take stock, reflect and move forward. It rigorously reviews the past two decades of human development trends and challenges, and provides newly available data and supplementary indices weighing the effect of income inequalities, gender disparities and househ...

Popoln opis

Shranjeno v:
Bibliografske podrobnosti
Korporativna značnica: The United Nations Development Programme (UNDP)
Format: Knjiga
Jezik:Undetermined
Izdano: New York Palgrave MacMillan 2010
Teme:
Oznake: Označite
Brez oznak, prvi označite!
Thư viện lưu trữ: Trung tâm Học liệu Trường Đại học Cần Thơ
LEADER 01023nam a2200217Ia 4500
001 CTU_50106
008 210402s9999 xx 000 0 und d
020 |c 40 
082 |a 330.126 
082 |b U58 
110 |a The United Nations Development Programme (UNDP) 
245 4 |a The real wealth of nations : 
245 0 |b Pathways to human development 
245 0 |c United Nations Development Programme (UNDP) 
260 |a New York 
260 |b Palgrave MacMillan 
260 |c 2010 
520 |a The 20th Anniversary edition is a time to take stock, reflect and move forward. It rigorously reviews the past two decades of human development trends and challenges, and provides newly available data and supplementary indices weighing the effect of income inequalities, gender disparities and household-level poverty. 
650 |a Environmental economics,Kinh tế môi trường,Thay đổi xã hội,Social change 
904 |i Trọng Hiếu 
980 |a Trung tâm Học liệu Trường Đại học Cần Thơ